000 00355nam a22001217a 4500
999 _c1665
_d1665
005 20200902151449.0
008 200902b ||||| |||| 00| 0 eng d
020 _a07502445469
040 _cCML
245 _aSo You Want to Work With Animals.
_cMcAlpine, M.
260 _aLondon
_bHodder Wayland Ltd.
_c2003
942 _2ddc
_cBK
_h590.23
_mMcA